000 00418nam a2200157Ia 4500
005 20250423094950.0
008 250422s9999 xx 000 0 und d
020 _a9781259585111
050 _aRC 71 .P37/
100 _aPapadakis, Maxine A.
245 0 _aCurrent medical diagnosis & treatment.
260 _c2017
300 _a1902 p
650 _aDiagnosis--Periodicals. Therapeutics--Periodicals.
942 _cBK
999 _c28831
_d28831